Fundamentals of oceanography

"Fundamentals of Oceanography" is intended for less intensive college oceanography courses, and courses for non-science majors. To meet the needs of these groups, this text has numerous student aids including chapter learning objectives, section review questions, summary charts, units in m...

Celý popis

Uloženo v:
Podrobná bibliografie
Hlavní autor: Sverdrup, Keith A.
Médium: Kniha
Jazyk:Undetermined
Vydáno: Boston McGraw-Hill Higher Education 2006
Témata:
Tagy: Přidat tag
Žádné tagy, Buďte první, kdo otaguje tento záznam!
Thư viện lưu trữ: Trung tâm Học liệu Trường Đại học Cần Thơ
LEADER 01061nam a2200205Ia 4500
001 CTU_130835
008 210402s9999 xx 000 0 und d
020 |c 121.1 
082 |a 551.46 
082 |b S911 
100 |a Sverdrup, Keith A. 
245 0 |a Fundamentals of oceanography 
245 0 |c Keith A. Sverdrup, Alison B. Duxbury, Alyn C. Duxbury 
260 |a Boston 
260 |b McGraw-Hill Higher Education 
260 |c 2006 
520 |a "Fundamentals of Oceanography" is intended for less intensive college oceanography courses, and courses for non-science majors. To meet the needs of these groups, this text has numerous student aids including chapter learning objectives, section review questions, summary charts, units in metric and English units, chapter summaries, chapter word lists, bold face for technical terms in the text, and reduced use of technical terms. No prerequisites in math, chemistry, physics, or biology are required. 
650 |a Oceanography 
904 |i Giang 
980 |a Trung tâm Học liệu Trường Đại học Cần Thơ